000
00317nam a2200133Ia 4500
999
_c
12307
_d
12307
082
_a
RR.0005
100
_a
Ramakrishna Rao, K.
245
0
_a
Cross cultural study of nocturnal dream content
260
_c
0
_b
ICSSR, New Delhi
300
_a
349p.
650
_a
DREAMS
650
_a
BELIEF AND DOUBT
942
_c
RP
_2
ddc